000 00374 a2200133 4500
001 157346
040 _cEscola São Tomás de Aquino
100 _aMCDONALD, Megan
240 1 0 _aChiclete e os tênis mais fedorentos do mundo
_lpor
245 1 0 _aChiclete e os tênis mais fedorentos do mundo
440 1 _aSalamandra
697 _a*LITERATURA INFANTO JUVENIL
942 _cBK
999 _c157346
_d157346